| 000 | 00810nam0a22002411 4500 | ||
|---|---|---|---|
| 001 | rc\770503 | ||
| 005 | 20250622125022.0 | ||
| 035 | _a(NLR Aleph) 006297176 | ||
| 090 |
_a7212584 _c7212584 |
||
| 100 | _a20040301d1984 |||y0rusy50 ca | ||
| 101 | 0 | _arus | |
| 102 | _aRU | ||
| 105 | _ay ||||||||| | ||
| 200 | 1 |
_aДейственность идеологической работы _e(Из опыта работы Ленинабад. обл. парт. орг. после XXV-XXVI съездов КПСС) |
|
| 210 |
_aДушанбе _cИрфон _d1984 |
||
| 215 |
_a191 с. _d20 |
||
| 320 | _aБиблиогр.: с. 189-190 | ||
| 700 | 1 |
_aАбдулов _bК.А. _gКарим Абдулович |
|
| 801 | 0 |
_aRU _bNLR _gpsbo |
|
| 801 | 1 |
_aRU _bELAR _2rusmarc |
|
| 852 |
_aNLR _j84-3/10432 |
||
| 942 | _cBOOK | ||
| 980 | _aNB | ||